Größte Inseln der Welt - Statistiken

Allgemein
  • Dieses Quiz wurde 14.832 mal gespielt
  • Das Durchschnittsergebnis liegt bei 10 aus 26
Antwortstatistiken
km2 Insel % Korrekt
587,713 Madagaskar
87%
2,130,800 Grönland
85%
101,826 Island
74%
84,421 Irland
69%
105,806 Kuba
69%
67,655 Sri Lanka
64%
209,331 Großbritannien
62%
138,794 Java
45%
748,168 Borneo
44%
443,066 Sumatra
40%
78,719 Hokkaidō
37%
225,800 Honshū
35%
785,753 Neuguinea
35%
111,583 Nordinsel
35%
145,836 Südinsel
35%
73,929 Hispaniola
32%
65,022 Tasmanien
24%
180,681 Sulawesi
21%
108,860 Neufundland
20%
109,965 Luzon
19%
507,451 Baffininsel
17%
217,291 Victoria-Insel
13%
97,530 Mindanao
12%
72,493 Sachalin
12%
196,236 Ellesmere-Insel
11%
70,028 Banks-Insel
6%
Keine übereinstimmenden Quizze gefunden
Verteilung der Resultate
Anzahl Personen mit jedem Resultat
Perzentil nach korrekt beantworteten Fragen
Ihre Resultats-Entwicklung
Sie haben dieses Quiz noch nicht gespielt